FASHION RENDERING (Record no. 9947)

MARC details
000 -LEADER
fixed length control field 00322nam a22001457a 4500
003 - CONTROL NUMBER IDENTIFIER
control field SGT
020 ## - INTERNATIONAL STANDARD BOOK NUMBER
International Standard Book Number 978-81-87108-49-8
082 ## - DEWEY DECIMAL CLASSIFICATION NUMBER
Classification number 746.92
Item number SIN
100 ## - MAIN ENTRY--PERSONAL NAME
Personal name SINGHAL, RANJANA
245 ## - TITLE STATEMENT
Title FASHION RENDERING
260 ## - PUBLICATION, DISTRIBUTION, ETC. (IMPRINT)
Place of publication, distribution, etc UP INDIA
Name of publisher, distributor, etc OM BOOKS
Year of Publication 2015
300 ## - PAGE DESCRIPTION
No. of Pages 167
650 ## - SUBJECT ADDED ENTRY--TOPICAL TERM
Topical term or geographic name as entry element FASHION RENDERING
942 ## - ADDED ENTRY ELEMENTS (KOHA)
Source of classification or shelving scheme Dewey Decimal Classification
Koha item type Books
942 ## - ADDED ENTRY ELEMENTS (KOHA)
-- 6
Holdings
Withdrawn status Lost status Source of classification or shelving scheme Damaged status Not for loan Home library Current library Shelving location Date acquired Vendor Name Cost, normal purchase price SGTU Bill Number Total Checkouts Full call number Accession No. (Barcode) Date last seen Date last borrowed Bill Date Koha item type
    Dewey Decimal Classification     SGT Science & Social Sciences Library SGT Science & Social Sciences Library Text Book 28/09/2016 ABC 795.00 SGTU 7131 4 746.92 SIN FF59 16/03/2023 13/01/2023 08/08/2016 Books
    Dewey Decimal Classification     SGT Science & Social Sciences Library SGT Science & Social Sciences Library Text Book 28/09/2016 ABC 795.00 SGTU 7131 8 746.92 SIN FF60 13/12/2024 15/10/2024 08/08/2016 Books
    Dewey Decimal Classification     SGT Science & Social Sciences Library SGT Science & Social Sciences Library Text Book 28/09/2016 ABC 795.00 SGTU 7131 10 746.92 SIN FF61 22/05/2023 08/05/2023 08/08/2016 Books